| 000 | 005660000a22001810004500 | ||
|---|---|---|---|
| 003 | MACL | ||
| 005 | 20160520131229.0 | ||
| 008 | 160520b xxu||||| |||| 00| 0 eng d | ||
| 040 |
_aMACL _cMACL |
||
| 041 | _aHindi | ||
| 082 | _a891.433 PRI | ||
| 100 |
_aपडहार, सरदार अली _958451 |
||
| 245 |
_aबन्धन _cसरदार अली पडिहार |
||
| 260 |
_aबीकानेर _bविकास प्रकाशन _c2011 |
||
| 350 | _a100 | ||
| 650 |
_aकहानी _958452 |
||
| 942 |
_cHIN _k891.433/PRI/S _2ddc |
||
| 999 |
_c47048 _d47048 |
||